| 000 | 00640nam a2200181 4500 | ||
|---|---|---|---|
| 001 | 122721 | ||
| 003 | ES-MaACL | ||
| 005 | 20260326152605.0 | ||
| 007 | t| | ||
| 008 | 070214s1915 sp r ||||1| spa d | ||
| 100 | 1 |
_aPuig y Oller, Alberto. _994287 |
|
| 245 | 1 | 0 |
_aValor pronóstico del esquema de Arneth y del índice nuclear en la tubercolosis pulmonar _b: tesis del doctorado / _cAlberto Puig y Oller. |
| 260 |
_aGerona : _b[s.n.], _c1915. |
||
| 852 |
_aES-MaACL _j1501-F-7 _cDEPOF |
||
| 856 | 4 |
_uhttp://bibliotecavirtual.ranm.es/ranm/es/consulta/registro.do?id=66009 _yEn linea |
|
| 942 | _2udc | ||
| 999 |
_c122721 _d122721 |
||